Psicología e identidad latinoamericana: Sociopsicoanálisis de cinco premios Nobel de literatura.

Tallennettuna:
Bibliografiset tiedot
Päätekijä: Gissi Bustos, Jorge (autor)
Aineistotyyppi: Kirja
Kieli:espanja
Julkaistu: Santiago, Chile: Ediciones Universidad Católica de Chile, 2006.
Painos:Segunda edición revisada.
Sarja:Lecturas Escogidas.
Aiheet:
Tagit: Lisää tagi
Ei tageja, Lisää ensimmäinen tagi!

MARC

LEADER 00000nam a2200000 a 4500
001 UCM8313
003 CL-VaPUC
005 20250321101939.0
008 030307t20060700CL |||||||||||||||||spa|d
999 |c 446965  |d 446963 
020 |a 956-14-0659-4 
040 |c Pontificia Universidad Católica de Valparaíso 
082 0 4 |a 306 GIS 2006  |2 21 
100 |a Gissi Bustos, Jorge  |e autor  |9 527011 
245 1 0 |a Psicología e identidad latinoamericana:   |b Sociopsicoanálisis de cinco premios Nobel de literatura. 
250 |a Segunda edición revisada. 
260 |a Santiago, Chile:  |b Ediciones Universidad Católica de Chile,  |c 2006. 
300 |a 232 páginas. 
490 0 |a Lecturas Escogidas. 
500 |a c.1. Instituto Arcos.08-01-2025. 
583 |a last modification  |c 20030307 00:00:00  |k Gabriela Rodríguez Cuevas 
650 0 |a Identidad cultural  |9 319131  |x Características nacionales  |z América Latina 
650 0 |a Antropología cultural y social   |9 265143 
650 0 |a Psicología social   |9 222894  |z América Latina 
942 |c BK  |2 ddc  |n 0 
945 |d 20030307 00:00:00  |a vberengu 
952 |0 0  |1 0  |2 ddc  |4 0  |6 306_000000000000000_GIS_2006  |7 0  |9 600250  |a BIBINC  |b BIBINC  |c GEN  |d 2025-01-31  |e Instituto Arcos  |i 5665182  |o 306 GIS 2006  |p 5665182  |r 2025-01-31  |t 1  |w 2025-01-31  |y BK  |k IFP